[Event "19th Moratalaz Open"]
[Site "Madrid ESP"]
[Date "2006.09.20"]
[Round "3"]
[White "Almagro Llamas,P"]
[Black "Spitzer Isbert,R"]
[Result "1-0"]
[WhiteElo "2380"]
[BlackElo "2128"]

1.e4 c5 2.Nf3 Nc6 3.Bb5 g6 4.O-O Bg7 5.Bxc6 dxc6 6.h3 Nf6 7.Nc3 O-O 8.d3 Qc7
9.Be3 b6 10.Qd2 Rd8 11.Bh6 Bh8 12.Bf4 Qd7 13.Be5 Bg7 14.a4 Qe6 15.Qf4 Nh5
16.Qh2 Bd7 17.Bxg7 Nxg7 18.Rae1 Qd6 19.e5 Qc7 20.Qf4 Ne6 21.Qh6 Nf8 22.Ne4 Bf5
23.Nf6+  1-0

[Event "19th Moratalaz Open"]
[Site "Madrid ESP"]
[Date "2006.09.21"]
[Round "4"]
[White "Garcia Esteban,I"]
[Black "Moreno Ruiz,J"]
[Result "0-1"]
[WhiteElo "2036"]
[BlackElo "2469"]

1.e4 c5 2.Nf3 Nc6 3.Bb5 g6 4.O-O Bg7 5.Re1 Nf6 6.Nc3 O-O 7.d3 d6 8.h3 Bd7
9.Bg5 h6 10.Bd2 a6 11.Bxc6 Bxc6 12.e5 Nd7 13.exd6 exd6 14.Bf4 Qf6 15.Bg3 Rfe8
16.Ne4 Qxb2 17.Rb1 Qxa2 18.Bxd6 c4 19.Bf4 cxd3 20.cxd3 Qd5 21.Qd2 g5 22.Bh2 Nc5
23.Nxc5 Qxc5 24.d4 Qd5 25.Re3 a5 26.Rxe8+ Rxe8 27.Rd1 a4 28.Bc7 Ra8 29.Ne1 a3
30.f3 a2 31.Nc2 Ba4  0-1

[Event "19th Moratalaz Open"]
[Site "Madrid ESP"]
[Date "2006.09.21"]
[Round "4"]
[White "Rodriguez Bachiller,L"]
[Black "Gonzalez Somoza,O"]
[Result "0-1"]
[WhiteElo "1917"]
[BlackElo "2250"]

1.e4 c5 2.Nf3 Nc6 3.Bb5 e6 4.Bxc6 bxc6 5.O-O d5 6.d3 Nf6 7.Re1 dxe4 8.dxe4 Qxd1
9.Rxd1 Nxe4 10.Be3 Be7 11.Nbd2 Nxd2 12.Rxd2 O-O 13.c4 f6 14.Rad1 e5 15.b3 a5
16.Ne1 a4 17.Nd3 axb3 18.axb3 Rd8 19.f3 Ra5 20.Nc1 Rxd2 21.Rxd2 Ra1 22.Ra2 Rxa2
23.Nxa2 Bf5 24.Kf2 Bc2 25.Nc1 f5 26.Ke2 f4 27.Bf2 e4 28.Kd2 Bb1 29.fxe4 Bxe4
30.Nd3 Bg5 31.h4 Bh6 32.Nxc5 Bxg2 33.Ne6 Kf7 34.Nd4 g6 35.b4 Bf8 36.b5 cxb5
37.Nxb5 Ke6 38.Kc3 Kf5 39.c5 Kg4 40.Nd4 Bxc5 41.Kd2 Bxd4 42.Bxd4 Kxh4 43.Ke1 Kg3
44.Bf2+ Kf3 45.Bg1 g5 46.Bd4 h5 47.Bf6 g4 48.Bh4 g3 49.Be7 Kg4  0-1

[Event "1st TCH-MNE"]
[Site "Herceg Novi MNE"]
[Date "2006.09.22"]
[Round "1"]
[White "Krstic,M"]
[Black "Nikcevic,N"]
[Result "0-1"]
[WhiteElo "2301"]
[BlackElo "2449"]

1.e4 c5 2.Nf3 Nc6 3.Bb5 Nf6 4.Qe2 g6 5.O-O Bg7 6.c3 Qb6 7.Na3 O-O 8.Rd1 e5
9.d3 d6 10.h3 a6 11.Ba4 Qc7 12.Bg5 b5 13.Bb3 Ne7 14.Nc2 h6 15.Bxf6 Bxf6 16.Ne3 Bb7
17.h4 Kh7 18.g4 Qd7 19.Kh2 Rad8 20.a4 Bc6 21.axb5 axb5 22.Ra6 Ra8 23.Rxa8 Bxa8
24.Nf1 Bg7 25.d4 exd4 26.cxd4 c4 27.Bc2 Nc6 28.Ng3 Kg8 29.g5 hxg5 30.hxg5 Qg4
31.Kg2 Re8 32.Qe3 Nb4 33.Bb1 Nd5 34.exd5 Rxe3 35.fxe3 Bxd5 36.e4 Bb7 37.Bc2 Bf8
38.Ra1 Be7 39.Ra7 Bxg5 40.Nxg5 Qxg5 41.Rxb7 Qd2+ 42.Kh3 Qxc2 43.Rxb5 Qd2
44.d5 Kg7 45.Rb6 Kh6 46.Rxd6 Qxb2 47.Rc6 Kg5 48.Rxc4 Kf4 49.Rc1 Qh8+ 50.Kg2 Kg4
51.Ne2 Qh3+ 52.Kf2 Qf3+ 53.Ke1 Qxe4 54.Rc5 f5 55.Kd2 f4 56.Rb5 Qe3+  0-1

[Event "XVI Gros Open"]
[Site "San Sebastian ESP"]
[Date "2006.09.22"]
[Round "2"]
[White "Kasparov,S"]
[Black "Hernandez Lopez,D"]
[Result "1-0"]
[WhiteElo "2491"]
[BlackElo "2002"]

1.e4 c5 2.Nf3 Nc6 3.Bb5 Nd4 4.Nxd4 cxd4 5.O-O g6 6.c3 Qb6 7.Bc4 Bg7 8.cxd4 Bxd4
9.Nc3 e6 10.d3 a6 11.Ne2 Bg7 12.Bb3 Ne7 13.Be3 Qa5 14.Bd2 Qb6 15.Bc3 Bxc3
16.bxc3 d6 17.Qd2 O-O 18.Kh1 Rd8 19.Qg5 Qc7 20.f4 d5 21.Nd4 Kh8 22.Qf6+ Kg8
23.Rae1 Nc6 24.exd5 Nxd4 25.cxd4 Rd6 26.f5 e5 27.Qh4 Bxf5 28.dxe5 Rd7 29.d6 Qd8
30.Qg3 Be6 31.Bxe6 fxe6 32.Rf6 Qe8 33.Qg4 Rf7 34.Qxe6  1-0

[Event "Vojvodina Quality League m"]
[Site "Sremska Mitrovica SRB"]
[Date "2006.09.22"]
[Round "1"]
[White "Popovic T.,M"]
[Black "Markovic,Milo"]
[Result "1-0"]
[WhiteElo "2408"]
[BlackElo "2248"]

1.e4 c5 2.Nf3 Nc6 3.Bb5 Qc7 4.O-O a6 5.Bxc6 Qxc6 6.d4 e6 7.Nc3 Qc7 8.Re1 d6
9.Bf4 b5 10.dxc5 Qxc5 11.e5 d5 12.Ne2 h6 13.Qd2 Ne7 14.a4 bxa4 15.Rxa4 Rb8
16.b3 Ng6 17.Bg3 Be7 18.h4 h5 19.Nc1 Bd8 20.Nd3 Qa7 21.Ng5 Bb6 22.Nb4 Ra8
23.Rea1 a5 24.Nc6 Qc7 25.Nxa5 Bd7 26.R4a2 f6 27.Nc4 Rxa2 28.Rxa2 dxc4 29.Ra8+ Bc8
30.exf6 Qc6 31.Rxc8+ Qxc8 32.f7+ Ke7 33.Qd6+ Kf6 34.Qxb6 Rd8 35.Ne4+ Kxf7
36.Nd6+ Rxd6 37.Qxd6 cxb3 38.cxb3 Qc2 39.b4 e5 40.Qd5+ Kf6 41.b5 Qb1+ 42.Kh2 Qb4
43.Qc6+ Kf5 44.b6  1-0

[Event "TCh-NED 2006-7"]
[Site "Netherlands NED"]
[Date "2006.09.23"]
[Round "1"]
[White "De Boer,Sy"]
[Black "Kritz,L"]
[Result "0-1"]
[WhiteElo "2353"]
[BlackElo "2578"]

1.e4 c5 2.Nf3 Nc6 3.Bb5 Qb6 4.Nc3 e6 5.O-O Nge7 6.Re1 a6 7.Bxc6 Nxc6 8.e5 d6
9.exd6 Bxd6 10.b3 O-O 11.Ne4 Be7 12.Bb2 f6 13.Ng3 Rd8 14.h4 e5 15.h5 Bf8
16.Qe2 Nd4 17.Bxd4 cxd4 18.c3 dxc3 19.dxc3 Qc6 20.Nh4 Qxc3 21.Nhf5 Qb4 22.Rac1 Bxf5
23.Nxf5 Rac8 24.Rc4 Rxc4 25.bxc4 Qd2 26.Qe4 Qg5 27.Qf3 Qf4 28.Qxf4 exf4 29.Re4 Rd1+
30.Kh2 g6 31.Nd4 f5  0-1

[Event "Monarch Assurance Isle of Man"]
[Site "Port Erin IOM"]
[Date "2006.09.23"]
[Round "1"]
[White "Ashton,A"]
[Black "Ikonnikov,Vy"]
[Result "0-1"]
[WhiteElo "2329"]
[BlackElo "2587"]

1.e4 c5 2.Nf3 Nc6 3.Bb5 g6 4.O-O Bg7 5.Re1 e5 6.Bxc6 dxc6 7.d3 Nh6 8.h3 f5
9.Nbd2 Nf7 10.a3 O-O 11.b4 cxb4 12.axb4 Be6 13.Bb2 Qb6 14.Ra4 c5 15.Ba3 Qc6
16.c4 Rfd8 17.b5 Qd6 18.Qa1 b6 19.Bc1 Qxd3 20.Re3 Qd6 21.Rxa7 Rxa7 22.Qxa7 Bh6
23.Rc3 Rd7 24.Qa8+ Kg7 25.Nf1 Qd1 26.Bxh6+ Nxh6 27.Qc6 Rd6 28.Qc7+ Nf7 29.Nh2 Qa1
30.Rc2 Qb1 31.Rc3 Qb2 32.Rg3 Qc1 33.h4 Bxc4 34.h5 Bxf1  0-1

[Event "Vojvodina Quality League m"]
[Site "Sremska Mitrovica SRB"]
[Date "2006.09.23"]
[Round "3"]
[White "Carnic,S"]
[Black "Markovic,Milo"]
[Result "1/2-1/2"]
[WhiteElo "2331"]
[BlackElo "2248"]

1.e4 c5 2.Nf3 Nc6 3.Bb5 Qc7 4.O-O e6 5.Re1 Nge7 6.c3 a6 7.Bf1 d5 8.d4 dxe4
9.Rxe4 cxd4 10.Nxd4 e5  1/2-1/2

[Event "1st TCH-MNE"]
[Site "Herceg Novi MNE"]
[Date "2006.09.24"]
[Round "3"]
[White "Krstic,M"]
[Black "Nikolic,N SCG"]
[Result "1-0"]
[WhiteElo "2301"]
[BlackElo "2366"]

1.e4 c5 2.Nf3 Nc6 3.Bb5 d6 4.h3 Bd7 5.c3 Nf6 6.Qe2 a6 7.Ba4 b5 8.Bc2 g6 9.O-O Bg7
10.d3 O-O 11.Bg5 Ne8 12.Qe3 f6 13.Bh6 Ne5 14.Bxg7 Nxf3+ 15.Qxf3 Nxg7 16.Qe3 f5
17.f4 fxe4 18.dxe4 e5 19.Nd2 Qe7 20.Rad1 Nh5 21.f5 Nf4 22.Kh2 Qg5 23.Rf2 Rf6
24.Nf3 Qh6 25.Nxe5 dxe5 26.Rxd7 Kh8 27.Qxc5 gxf5 28.Qxe5 fxe4 29.Bxe4  1-0

[Event "15th TCh-CRO"]
[Site "Sibenik CRO"]
[Date "2006.09.24"]
[Round "3"]
[White "Muse,M"]
[Black "Sinanovic,M"]
[Result "1/2-1/2"]
[WhiteElo "2443"]
[BlackElo "2397"]

1.e4 c5 2.Nf3 Nc6 3.Bb5 g6 4.O-O Bg7 5.Bxc6 dxc6 6.h3 e5 7.d3 Ne7 8.Nc3 O-O
9.Nh2 Be6 10.Be3 c4 11.Qd2 cxd3 12.cxd3 b6 13.Rad1 c5 14.Bh6 Nc6 15.Bxg7 Kxg7
16.f4 exf4 17.Qxf4 h6 18.Nf3 Nd4 19.Kh1 f6 20.Nxd4 Qxd4 21.Nb5 Qd7 22.Nc3 Rad8
23.Qg3 Qd6 24.Qe3 Qe5 25.Qc1 Rf7 26.Rf3 Rfd7 27.b3 a6 28.Ne2 Qxe4 29.Re1 Qc6
30.Nf4 Bf7 31.Rfe3 Qc7 32.Ne6+ Bxe6 33.Rxe6 Rf7 34.Qc3 Rd4 35.a3 a5 36.R1e3 Qd8
37.Re8 Qd6 38.R8e6 Qc7 39.Qe1 b5 40.Re7 Rd7 41.R7e4 b4 42.axb4 axb4 43.Rc4 Rd4
44.Qc1 Rxc4 45.Qxc4 Re7 46.Rxe7+ Qxe7 47.Kg1 Qe1+ 48.Kh2 Qe5+ 49.Kh1 h5 50.Qa6 Kh6
51.Qc6 Qc3 52.Qf3 Qa1+ 53.Kh2 Qe5+ 54.Kh1 f5 55.Qa8 Kg5 56.Qd8+ Kh6 57.Qf8+ Kh7
58.Qf7+ Qg7 59.Qe6 Qd4 60.Qe7+ Kh6 61.h4 Qd5 62.Qf8+ Kh7 63.Qe7+ Kg8 64.Qe8+ Kg7
65.Qe7+ Qf7 66.Qxc5 Qxb3 67.Qe7+ Kg8 68.Qe8+  1/2-1/2

[Event "Tatry Open"]
[Site "Tatranske Zruby SVK"]
[Date "2006.09.25"]
[Round "3"]
[White "Sejkora,V"]
[Black "Marcek,J"]
[Result "1-0"]
[WhiteElo "2198"]
[BlackElo "1924"]

1.e4 c5 2.Nf3 Nc6 3.Bb5 d6 4.Bxc6+ bxc6 5.d3 Qc7 6.O-O Bg4 7.Nbd2 g6 8.h3 Bxf3
9.Qxf3 Bg7 10.Nc4 e6 11.Bf4 e5 12.Bd2 Ne7 13.Ba5 Qd7 14.a4 O-O 15.b3 d5 16.Nd2 f5
17.Qe3 d4 18.Qe2 Rab8 19.Nc4 f4 20.Qg4 Qxg4 21.hxg4 h6 22.Bc7 Rb7 23.Bxe5 Bxe5
24.Nxe5 Kg7 25.a5 a6 26.f3 Kf6 27.Nc4 Ke6 28.Kf2 g5 29.Rh1 Rh8 30.Rae1 Ng6
31.e5 Rb5 32.Rh5 Nh4 33.g3 fxg3+ 34.Kxg3 Rbb8 35.f4 Rbf8 36.Nd6 Rxf4 37.Rxh4  1-0

[Event "Glassy Stream Masters"]
[Site "Kharkiv UKR"]
[Date "2006.09.26"]
[Round "6"]
[White "Ivanov,AA"]
[Black "Arzumanian,G"]
[Result "1/2-1/2"]
[WhiteElo "2394"]
[BlackElo "2446"]

1.e4 c5 2.Nf3 Nc6 3.Bb5 a6 4.Bxc6 dxc6 5.d3 Nf6 6.O-O Qc7 7.Be3 e5 8.Nbd2 Ng4
9.Nc4 Be6 10.h3 Bxc4 11.hxg4 Be6 12.Nd2  1/2-1/2

[Event "1st TCH-MNE"]
[Site "Herceg Novi MNE"]
[Date "2006.09.27"]
[Round "6"]
[White "Krstic,M"]
[Black "Pucovski,M"]
[Result "1-0"]
[WhiteElo "2301"]
[BlackElo "2367"]

1.e4 c5 2.Nf3 Nc6 3.Bb5 e6 4.O-O Nge7 5.c3 a6 6.Ba4 b5 7.Bc2 d5 8.exd5 Qxd5
9.Re1 Bb7 10.d4 Rd8 11.dxc5 Qxc5 12.Qe2 Nd5 13.Ng5 Be7 14.h4 Qd6 15.g3 h6
16.Nf3 Qc7 17.Nbd2 g5 18.h5 Nf6 19.Nf1 Nxh5 20.Be3 Nf6 21.Bd4 g4 22.Bxf6 Bxf6
23.N3h2 h5 24.Be4 Ne5 25.a4 Bxe4 26.Qxe4 Qc6 27.axb5 Qxe4 28.Rxe4 axb5 29.Rb4 Rd5
30.Ne3 Rd2 31.Rxb5 O-O 32.Ra4 Nd3 33.Rxh5 Rxb2 34.Nhxg4 Bg7  1-0

[Event "Vojvodina Quality League m"]
[Site "Sremska Mitrovica SRB"]
[Date "2006.09.27"]
[Round "8"]
[White "Jakovljev,Z"]
[Black "Markovic,Milo"]
[Result "0-1"]
[WhiteElo "2240"]
[BlackElo "2248"]

1.e4 c5 2.Nf3 Nc6 3.Bb5 Qc7 4.Nc3 e6 5.Bxc6 Qxc6 6.d4 cxd4 7.Nxd4 Qc7 8.O-O a6
9.Re1 d6 10.Bg5 f6 11.Bh4 Nh6 12.Bg3 e5 13.Nd5 Qf7 14.Nb6 Rb8 15.Nxc8 Rxc8
16.Ne2 Be7 17.Nc3 O-O 18.Qd5 Bd8 19.Re2 Rc6 20.Qxf7+ Kxf7 21.Nd5 Ke6 22.Rd1 Bb6
23.Red2 Bc5 24.b4 Ba7 25.b5 axb5 26.Nb4 Rb6 27.f3 f5 28.exf5+ Nxf5 29.Bf2 Rc8
30.g4 Nd4 31.Bxd4 exd4 32.Kg2 Rc4 33.Rxd4 Kd7 34.a3 Rxd4 35.Rxd4 Ra6 36.Rd5 Ra5
37.Rf5 Bd4 38.Rf7+ Kc8 39.Rf8+ Kc7 40.c3 Bf6 41.f4 Rxa3 42.g5 Bxc3 43.Nd5+ Kd7
44.f5 Be5 45.Rf7+ Kc6 46.Ne7+ Kb6 47.f6 gxf6 48.Nd5+ Kc6 49.Nxf6 Ra2+ 50.Kf3 Bxf6
51.gxf6 Rxh2 52.Rg7 Rh6 53.f7 Rf6+ 54.Kg4 h6 55.Kh5 b4 56.Rg4 Kb5 57.Rg7 b6
58.Rh7 Kc6 59.Rg7 Kc5  0-1

[Event "X Itau Cup"]
[Site "Sao Paulo BRA"]
[Date "2006.09.28"]
[Round "7"]
[White "Crosa,M"]
[Black "Matsuura,E"]
[Result "0-1"]
[WhiteElo "2405"]
[BlackElo "2445"]

1.e4 c5 2.Nf3 Nc6 3.Bb5 e6 4.Bxc6 bxc6 5.d3 Ne7 6.Qe2 Qc7 7.e5 Ng6 8.h4 f6
9.exf6 gxf6 10.h5 Ne7 11.Nh4 d5 12.f4 Rg8 13.Nd2 Bh6 14.f5 Qg3+ 15.Kd1 Bxd2
16.Bxd2 e5 17.b4 Nxf5 18.Nxf5 Bxf5 19.Kc1 c4 20.Qf1 Rg5 21.Kb2 cxd3 22.Bxg5 Qxg5
23.cxd3 Qd2+ 24.Kb3 a5 25.Rc1 axb4 26.Rc2 Ra3+ 27.Kb2 Rxa2+ 28.Kxa2 Qxc2+
29.Ka1 Qc3+ 30.Ka2 Qa3+  0-1

[Event "Tatry Open"]
[Site "Tatranske Zruby SVK"]
[Date "2006.09.28"]
[Round "7"]
[White "Sikorova,O"]
[Black "Janos,I"]
[Result "1-0"]
[WhiteElo "2302"]
[BlackElo "2133"]

1.e4 c5 2.Nf3 Nc6 3.Bb5 d6 4.O-O Bd7 5.c3 Nf6 6.Re1 a6 7.Ba4 b5 8.Bc2 Bg4
9.d3 Ne5 10.Nbd2 Qb6 11.b3 Nfd7 12.h3 Bh5 13.d4 Nxf3+ 14.Nxf3 e5 15.g4 Bg6
16.dxe5 dxe5 17.Qd5 O-O-O 18.Rd1 Be7 19.Be3 Nf6 20.Qxe5 Bd6 21.Rxd6 Qxd6
22.Qxd6 Rxd6 23.e5 Bxc2 24.exd6 Nd7 25.b4 c4 26.Nd4 Ba4 27.Nf5 Ne5 28.f4 Nd3
29.Nxg7 Kd7 30.Nf5 h5 31.Kg2 h4 32.Kf3 Bc2 33.Ke2 Re8 34.Kd2 Ba4 35.Rf1 Kc6
36.g5 Kd5 37.Nxh4 Kxd6 38.Nf5+ Kd5 39.h4 a5 40.a3 axb4 41.axb4 Ra8 42.Ra1 Nxf4
43.Bxf4 Ke4 44.Nd6+ Kxf4 45.Nxf7 Ra7 46.Rf1+ Kg4 47.Ne5+ Kxh4 48.g6  1-0

[Event "Glassy Stream Masters"]
[Site "Kharkiv UKR"]
[Date "2006.09.29"]
[Round "10"]
[White "Ivanov,AA"]
[Black "Shalimov,V UKR"]
[Result "1/2-1/2"]
[WhiteElo "2394"]
[BlackElo "2426"]

1.e4 c5 2.Nf3 Nc6 3.Bb5 Qc7 4.Nc3 e6 5.O-O a6 6.Be2 b5 7.d3 Bb7 8.a4 b4 9.Nb1 Nf6
10.b3 Be7 11.Bb2 e5 12.Nbd2 Nd4 13.Nxd4 cxd4 14.Bf3 Rc8 15.Nc4 O-O 16.Re1 a5
17.Bc1 Rfd8 18.Bd2 Bf8 19.Be2 Be7 20.Bf1 Bf8 21.h3  1/2-1/2

[Event "Glassy Stream Masters"]
[Site "Kharkiv UKR"]
[Date "2006.09.30"]
[Round "11"]
[White "Posokhov,D"]
[Black "Vedmediuc,S"]
[Result "0-1"]
[WhiteElo "2273"]
[BlackElo "2359"]

1.e4 c5 2.Nf3 Nc6 3.Bb5 g6 4.Bxc6 dxc6 5.d3 Bg7 6.h3 Nf6 7.O-O O-O 8.Be3 b6
9.Qc1 Re8 10.Bh6 Bh8 11.Nbd2 Nd7 12.Ng5 Nf8 13.Kh1 f6 14.Ngf3 e5 15.Ng1 Ne6
16.Be3 f5 17.f3 f4 18.Bf2 Bf6 19.a4 Re7 20.a5 Rb8 21.axb6 axb6 22.Nc4 g5
23.Qd2 b5 24.Na5 Qd6 25.Nb3 Rg7 26.Qc3 Be7 27.Ra7 Nd4 28.Bxd4 cxd4 29.Qa5 h5
30.Qc7 g4 31.Qxd6 Bxd6 32.Rxg7+ Kxg7 33.fxg4 hxg4 34.hxg4 c5 35.Ra1 c4 36.Ra7+ Kg8
37.dxc4 bxc4 38.Nd2 c3 39.bxc3 dxc3 40.Nc4 Bc5 41.Rc7 Bd4 42.Nf3 Bf2 43.Kh2 Bxg4
44.Ncxe5 Bg3+ 45.Kh1 Rb1+ 46.Ng1 Be2 47.Rxc3 Bf2 48.Nf3 Bxf3 49.Rxf3 Bxg1
50.e5 Bf2+ 51.Kh2 Bg3+ 52.Kh3 Re1 53.Rc3 Rxe5 54.Kg4 Kf7 55.Rc6 Re2 56.Kh3 Ke7
57.c4 Kd7 58.Ra6 Rc2 59.Ra4 Kc6 60.Ra8 Rxc4 61.Rc8+ Kd5 62.Rd8+ Ke4 63.Re8+ Kd3
64.Re7 Re4 65.Ra7 Ke2 66.Ra2+ Kf1 67.Ra1+ Be1 68.Ra2 f3  0-1

[Event "Tatry Open"]
[Site "Tatranske Zruby SVK"]
[Date "2006.09.30"]
[Round "9"]
[White "Sikorova,O"]
[Black "Pechacek,S"]
[Result "1-0"]
[WhiteElo "2302"]
[BlackElo "2142"]

1.e4 c5 2.Nf3 Nc6 3.Bb5 g6 4.c3 Bg7 5.O-O Nf6 6.Re1 O-O 7.d4 cxd4 8.cxd4 d5
9.e5 Ne4 10.Bxc6 bxc6 11.Nbd2 c5 12.dxc5 Nxc5 13.Nb3 Nxb3 14.Qxb3 Be6 15.Nd4 Qa5
16.Bg5 Rab8 17.Qc2 Rfc8 18.Qe2 Qb6 19.Rad1 Qxb2 20.Bxe7 Qxe2 21.Rxe2 Rc4
22.h3 a5 23.Kh2 a4 24.Bd6 Rb6 25.f4 Rxd4 26.Rxd4 Rxd6 27.Rxa4 Rd8 28.g4 h5
29.Kg3 Rc8 30.Re3 hxg4 31.hxg4 Rc2 32.Ra8+ Kh7 33.g5 d4 34.Re1 Rc3+ 35.Kf2 Bg4
36.Rd8 Bh5 37.Re4 d3 38.Ke3 Be2 39.a4 Ra3 40.Rb4 Bg4 41.Ra8 Bf5 42.Rb2 Rc3
43.Rh2+ Bh6 44.Rxh6+ Kg7 45.Rah8  1-0

[Event "15th TCh-CRO"]
[Site "Sibenik CRO"]
[Date "2006.10.02"]
[Round "11"]
[White "Levacic,P"]
[Black "Martinovic,Sa"]
[Result "0-1"]
[WhiteElo "2309"]
[BlackElo "2367"]

1.e4 c5 2.Nf3 Nc6 3.Bb5 e6 4.O-O Nge7 5.b3 Ng6 6.Re1 Be7 7.Ba3 e5 8.Nc3 O-O
9.Nd5 d6 10.Bc4 a6 11.c3 b5 12.Bd3 Bg4 13.Ne3 Be6 14.Bc2 Nf4 15.d4 cxd4 16.cxd4 Nxd4
17.Nxd4 exd4 18.Qxd4 Bf6 19.Qxd6 Bxa1 20.Qxf4 Qa5 21.Rxa1 Qxa3 22.e5 Rac8
23.Rf1 Qxa2 24.Qe4 g6 25.h4 Rfd8 26.h5 Bf5 27.Nxf5 gxf5 28.Qf4 Qxc2 29.Qg5+ Kf8
30.Qh6+ Ke8 31.e6 Qc3 32.Qxh7 fxe6 33.h6 Qf6 34.Re1 Qf7 35.Qh8+ Ke7 36.Qa1 Rd6
37.Qe5 Qf6 38.Qe3 Rcd8 39.h7 Qg7 40.Qh3 Rh8 41.Qh4+ Kd7  0-1

[Event "WJun"]
[Site "Yerevan ARM"]
[Date "2006.10.03"]
[Round "1"]
[White "Stellwagen,D"]
[Black "Matsenko,S"]
[Result "1-0"]
[WhiteElo "2576"]
[BlackElo "2363"]

1.e4 c5 2.Nf3 Nc6 3.Bb5 e6 4.O-O Nge7 5.Re1 a6 6.Bf1 d5 7.exd5 Nxd5 8.d4 Nf6
9.Be3 Be7 10.c4 cxd4 11.Nxd4 Nxd4 12.Bxd4 O-O 13.Nc3 Bd7 14.Qe2 Bc6 15.Rad1 Qc7
16.Qe3 Ng4 17.Qh3 e5 18.Qxg4 exd4 19.Rxd4 Bf6 20.Rd3 Qb6 21.Qf5 Rfe8 22.Rxe8+ Rxe8
23.b3 Qb4 24.Nd5 Bxd5 25.Rxd5 Qe1 26.Rd7 b6 27.g3 Qa1 28.Qd5 Rf8 29.Kg2 Qc3
30.Qd6 Qa5 31.b4 Qxa2 32.Qxb6 Qb2 33.Qd6 Be5 34.Qd5 Bc3 35.c5 h6 36.Bc4 Kh8
37.Rd8 Rxd8 38.Qxd8+ Kh7 39.Bxf7  1-0

[Event "56th TCh-BUL w"]
[Site "Sunny Beach BUL"]
[Date "2006.10.06"]
[Round "2"]
[White "Djingarova,E"]
[Black "Raeva,E"]
[Result "0-1"]
[WhiteElo "2302"]
[BlackElo "2217"]

1.e4 c5 2.Nf3 Nc6 3.Bb5 e6 4.O-O Nge7 5.b3 a6 6.Bxc6 Nxc6 7.Bb2 d6 8.d4 cxd4
9.Nxd4 e5 10.Nxc6 bxc6 11.c4 f6 12.Qh5+ g6 13.Qe2 Be7 14.f4 Be6 15.Nc3 O-O
16.Rad1 Qc8 17.Qc2 Qb7 18.Na4 Rad8 19.c5 exf4 20.Rxf4 Qc7 21.Rdf1 d5 22.b4 dxe4
23.Qxe4 Bd5 24.Qc2 f5 25.Nb6 Bg5 26.Nxd5 Rxd5 27.R4f3 a5 28.a3 axb4 29.axb4 Qd8
30.Qb3 Rf7 31.Qa4 Qe8 32.Qa1 Re7 33.Ra3 Re2 34.Bh8 Qf7 35.Ra8+ Rd8 36.Rd1 Rxa8
37.Qxa8+ Qe8 38.Qa1 Rxg2+ 39.Kh1 Rxh2+ 40.Kxh2 Qe2+ 41.Kg3 Bh4+ 42.Kh3 Qf3+  0-1

[Event "WJun"]
[Site "Yerevan ARM"]
[Date "2006.10.06"]
[Round "4"]
[White "Li Chao2"]
[Black "Wen Yang"]
[Result "1/2-1/2"]
[WhiteElo "2508"]
[BlackElo "2416"]

1.e4 c5 2.Nf3 Nc6 3.Bb5 g6 4.O-O Bg7 5.c3 Nf6 6.Qa4 O-O 7.d4 cxd4 8.cxd4 Nxe4
9.d5 Nc5 10.Qa3 Qb6 11.Nc3 Nd4 12.Nxd4 Bxd4 13.Bh6 d6 14.Bxf8 Kxf8 15.Rad1 Be5
16.Be2 a5 17.Nb5 Bd7 18.Nd4 Kg8 19.h3 Na4 20.Nc6 bxc6 21.Qxa4 Qb4 22.b3 Qxa4
23.bxa4 cxd5 24.Bb5 Be6 25.Bc6 Rb8 26.Bxd5 Rb4 27.Bb3 Bd7 28.Rc1 Bxa4 29.Rc4 Bxb3
30.Rxb4 axb4 31.axb3 f5 32.Rd1 Kf7 33.Rd5 Kf6 34.Kf1 g5 35.g4 f4 36.Ke2 e6
37.Rb5 Bc3 38.Kd3 d5 39.f3 h6 40.Rb6 Kf7 41.Rb7+ Kf6 42.Ra7 Kg6 43.Ra6 Kf6
44.Ra2 Kg6 45.Rh2 Bf6  1/2-1/2

[Event "I Patrimonio de la Humanidad Open"]
[Site "Alcala de Henares ESP"]
[Date "2006.10.07"]
[Round "1"]
[White "Neelotpal,D"]
[Black "Martinez Fernandez,A"]
[Result "1-0"]
[WhiteElo "2490"]
[BlackElo "1985"]

1.e4 c5 2.Nf3 Nc6 3.Bb5 Nd4 4.Nxd4 cxd4 5.O-O Nf6 6.e5 Nd5 7.Bc4 Qa5 8.Re1 g6
9.c3 dxc3 10.Nxc3 Nb6 11.Bb3 Bg7 12.d4 O-O 13.Bg5 Re8 14.Qf3 e6 15.Ne4 d5
16.Nd6 Rf8 17.Be7 Bd7 18.Nxb7 Qd2 19.Bxf8 Bxf8 20.Qc3 Qf4 21.Nc5 Rc8 22.Rac1 h5
23.Qe3 Qh4 24.Nxd7 Rxc1 25.Nf6+  1-0

[Event "56th TCh-BUL"]
[Site "Sunny Beach BUL"]
[Date "2006.10.07"]
[Round "3"]
[White "Kuzmanov,S"]
[Black "Tsvetkov,I"]
[Result "1-0"]
[WhiteElo "2219"]
[BlackElo "2341"]

1.e4 c5 2.Nf3 Nc6 3.Bb5 g6 4.Bxc6 dxc6 5.h3 Nf6 6.Nc3 Bg7 7.d3 Nd7 8.Be3 e5
9.Qd2 Qe7 10.a3 Nf8 11.Bh6 f6 12.Bxg7 Qxg7 13.b4 Ne6 14.bxc5 Qe7 15.Na4 Nxc5
16.Nxc5 Qxc5 17.O-O O-O 18.c3 Qe7 19.Qe3 c5 20.Nd2 b6 21.c4 Qd6 22.Nb1 Rd8
23.Nc3 Bb7 24.Rad1 Rf8 25.Rfe1 Rae8 26.a4 f5 27.f3 Bc6 28.Ra1 f4 29.Qd2 Rd8
30.Nd5 g5 31.Qb2 Rfe8 32.a5 b5 33.a6 Rb8 34.Qf2 Bxd5 35.exd5 bxc4 36.dxc4 e4
37.Rxe4 Rxe4 38.fxe4 Qe5 39.Rd1 Rb2 40.Qf3 Rb6 41.Qg4 Rf6 42.h4 h6 43.Kh1 Kg7
44.Rb1 Qxe4 45.Rb7+ Rf7 46.hxg5 Rxb7 47.axb7 Qb1+ 48.Kh2 Qxb7 49.Qxf4 hxg5
50.Qxg5+ Kf8 51.Qf6+ Qf7 52.Qd6+ Kg7 53.Qxc5 Qh5+ 54.Kg3 Qg5+ 55.Kf3 Qf5+
56.Ke3 Qg5+ 57.Kd3 Qg6+ 58.Kc3 Qg3+ 59.Kb4 Qe1+ 60.Kb5 Qb1+ 61.Kc6 Qa2 62.d6 Qxg2+
63.Kc7 Qh2 64.Qxa7 Kf6 65.Qd4+ Ke6 66.Qd5+ Kf6 67.c5 Qg3 68.Kc8 Qa3 69.Qc6 Ke5
70.d7 Qh3 71.Qd6+ Ke4 72.Kc7 Qa3 73.Qc6+ Ke5 74.d8=Q Qa7+ 75.Kc8  1-0

[Event "WJun"]
[Site "Yerevan ARM"]
[Date "2006.10.08"]
[Round "6"]
[White "Margvelashvili,G"]
[Black "Matsenko,S"]
[Result "1/2-1/2"]
[WhiteElo "2456"]
[BlackElo "2363"]

1.e4 c5 2.Nf3 Nc6 3.Bb5 e6 4.O-O Nge7 5.b3 Nd4 6.Nxd4 cxd4 7.Bb2 a6 8.Bd3 Nc6
9.c3 Bc5 10.cxd4 Bxd4 11.Bxd4 Nxd4 12.e5 Nc6 13.Qe2 d6 14.exd6 Qxd6 15.Nc3 O-O
16.Ne4 Qe5  1/2-1/2

[Event "WJun"]
[Site "Yerevan ARM"]
[Date "2006.10.08"]
[Round "6"]
[White "Arngrimsson,D"]
[Black "Wen Yang"]
[Result "0-1"]
[WhiteElo "2305"]
[BlackElo "2416"]

1.e4 c5 2.Nf3 Nc6 3.Bb5 g6 4.Bxc6 dxc6 5.d3 Bg7 6.h3 b6 7.Nc3 e5 8.Be3 Ne7
9.Qd2 h6 10.Nh2 Be6 11.O-O-O Qd7 12.Kb1 O-O-O 13.f4 exf4 14.Bxf4 g5 15.Bg3 f5
16.exf5 Nxf5 17.Bf2 Nd4 18.Rhe1 Rhe8 19.Ne4 Qf7 20.a3 Ba2+ 21.Ka1 Bd5 22.Bxd4 Bxd4
23.Qe2 Kb8 24.Nf3 Bh8 25.c4 Be6 26.Qc2 Bf5 27.Re3 Bg6 28.Rde1 Qc7 29.Ka2 a5
30.Nc3 Rxe3 31.Rxe3 Qf4 32.Qb3 b5 33.Nd1 a4 34.Qc2 Qxc4+  0-1

[Event "7th Veselin Boskovic Mem Op"]
[Site "Beograd SRB"]
[Date "2006.10.09"]
[Round "7"]
[White "Perunovic,Mil"]
[Black "Vuckovic,Bo"]
[Result "1/2-1/2"]
[WhiteElo "2532"]
[BlackElo "2544"]

1.e4 c5 2.Nf3 Nc6 3.Bb5 d6 4.d4 cxd4 5.Qxd4 Bd7 6.Bxc6 Bxc6 7.Nc3 Nf6 8.Bg5 e6
9.O-O-O Be7 10.Qd3 Qa5 11.h4 h6 12.Bxf6 Bxf6 13.Nd4 O-O 14.g4 Rfd8 15.f4 Bxd4
16.Qxd4 e5 17.Qf2 d5 18.exd5 Bxd5 19.Rhe1 Rac8 20.Rd3 e4 21.Rxd5 Rxd5 22.Nxd5 Qxd5
23.Kb1 Re8 24.Qe3 h5 25.g5 Qf5 26.a3 b6 27.Rg1 Re6 28.Kc1 Kh7 29.Rg2 Qd5
30.b3 Qf5  1/2-1/2

[Event "WJun"]
[Site "Yerevan ARM"]
[Date "2006.10.09"]
[Round "7"]
[White "Toufighi,H"]
[Black "Movsisian,V"]
[Result "0-1"]
[WhiteElo "2386"]
[BlackElo "2293"]

1.e4 c5 2.Nf3 Nc6 3.Bb5 g6 4.O-O Bg7 5.Re1 b6 6.c3 e5 7.d4 exd4 8.e5 Nge7
9.cxd4 cxd4 10.Nxd4 O-O 11.Bg5 Nxe5 12.Nc3 f6 13.Bh4 a6 14.Bf1 Bb7 15.Qb3+ Kh8
16.Rad1 Qc7 17.Rc1 N7c6 18.Nxc6 Bxc6 19.Nd5 Qb7 20.Nxf6 Rxf6 21.Rxe5 Rxf2
22.Qe3 Rf7 23.Rd1 b5 24.Re7 Raf8 25.Rxf7 Rxf7 26.Be1 Kg8 27.b3 Qb8 28.Bg3 Qd8
29.Be2 Re7 30.Qd3 Qe8 31.Bg4 h5 32.Bf3 Re3 33.Qd2 Bxf3 34.gxf3 Rxf3 35.Qd5+ Rf7
36.Re1 Qd8 37.Re6 Qc8 38.Re7 Qc1+ 39.Re1 Qc8 40.Re7 Bd4+ 41.Kh1 Qc1+ 42.Be1 Qc6
43.Re8+ Kg7 44.Qxc6 dxc6 45.Kg2 c5 46.Ra8 Re7 47.Kf1 Re6 48.Bh4 Kh6 49.Be1 Kg5
50.h3 Kf4 51.Rf8+ Ke3 52.Rf2 Rf6 53.Rxf6 Bxf6 54.Bf2+ Kf3 55.Bxc5 Kg3 56.Ke2 Kxh3  0-1

[Event "WJun"]
[Site "Yerevan ARM"]
[Date "2006.10.09"]
[Round "7"]
[White "Wen Yang"]
[Black "Corrales,Fi"]
[Result "1-0"]
[WhiteElo "2416"]
[BlackElo "2496"]

1.e4 c5 2.Nf3 Nc6 3.Bb5 g6 4.Bxc6 dxc6 5.d3 Bg7 6.h3 e5 7.Be3 Qe7 8.Qd2 Nf6
9.Bh6 O-O 10.Nc3 Rd8 11.O-O-O a5 12.Nh2 Nh5 13.Bxg7 Kxg7 14.Ne2 c4 15.g4 Nf6
16.Qc3 cxd3 17.cxd3 b5 18.f4 Nd7 19.d4 b4 20.Qe3 exf4 21.Nxf4 Nb6 22.Rhe1 Nc4
23.Qf2 a4 24.Nd3 b3 25.a3 Nxa3 26.bxa3 Qxa3+ 27.Qb2 Qd6 28.Nf3 Ba6 29.Nc5 Qf4+
30.Nd2 Rdb8 31.Qc3 Kg8 32.Kb2 a3+ 33.Ka1 b2+ 34.Ka2 Bb5 35.e5 Qf2 36.Nce4 Qh2
37.Rh1 Qe2 38.Rde1 Qd3 39.Qxd3 Bxd3 40.Nc5 b1=Q+ 41.Nxb1 Rb2+ 42.Ka1 Bc4
43.Nc3 Rd8 44.Rd1 Rg2 45.Nb7 Ra8 46.Nd6 Be6 47.Rb1 Kg7 48.Rhc1 Rd2 49.Rb4 Rd3
50.Nde4 Rd8 51.Nd6 Rxh3 52.Ra4 Rd3 53.Nce4 Bd5 54.Nf6 Be6 55.g5 Rd2 56.Rxa3 Rxd4
57.Rh1 Rh8 58.Nde8+ Kf8 59.Ra8 Ke7 60.Rb1 h5 61.gxh6 Bc8 62.Rxc8 Ra4+ 63.Kb2 Rxh6
64.Rc7+ Ke6 65.Rxc6+ Kxe5  1-0